<?xml version="1.0" encoding="UTF-8"?>
<record
    xmlns:xsi="http://www.w3.org/2001/XMLSchema-instance"
    xsi:schemaLocation="http://www.loc.gov/MARC21/slim http://www.loc.gov/standards/marcxml/schema/MARC21slim.xsd"
    xmlns="http://www.loc.gov/MARC21/slim">

  <leader>00838nam a2200169 i 4500</leader>
  <controlfield tag="001">103788</controlfield>
  <controlfield tag="003">ES-MaACL</controlfield>
  <controlfield tag="005">20230906183438.0</controlfield>
  <controlfield tag="007">t|</controlfield>
  <controlfield tag="008">051118s19131918gw           ||||1| ger d</controlfield>
  <datafield tag="100" ind1="1" ind2=" ">
    <subfield code="a">Merkel, Friedrich.</subfield>
    <subfield code="9">80557</subfield>
  </datafield>
  <datafield tag="245" ind1="1" ind2="4">
    <subfield code="a">Die anatomie des Menschen / </subfield>
    <subfield code="c">von Dr. Merkel Friedrich.</subfield>
  </datafield>
  <datafield tag="260" ind1=" " ind2=" ">
    <subfield code="a">Wiesbaden : </subfield>
    <subfield code="b">Bergman, </subfield>
    <subfield code="c">1913-18.</subfield>
  </datafield>
  <datafield tag="300" ind1=" " ind2=" ">
    <subfield code="a">6 t. en 11 v. : </subfield>
    <subfield code="b">il. ; </subfield>
    <subfield code="c">28 cm.</subfield>
  </datafield>
  <datafield tag="505" ind1="8" ind2=" ">
    <subfield code="a">Contiene: T.I.-- Allegemeine Gewebelehre, Grunda&#xFC;ge der Entwickelungstehre T.II.-- Skeletlehre. Passirer Bewegungsapparat: Knochen un B&#xEF;nder...Text-Atlas T.III.-- Muskellehre Aktiver Bewegungsapparat...Text-Atlas T.IV.-- Eingeweidelehre...Text-Atlas T.V.-- Haut, Sinnesorgane und nerv&#xF6;se zentralorgane...Text-Atlas T.VI.-- Peripherische Nerven und Gef&#xE8;absystem...Text-Atlas</subfield>
  </datafield>
  <datafield tag="852" ind1=" " ind2=" ">
    <subfield code="a">ES-MaACL</subfield>
    <subfield code="j">B-10973-83</subfield>
  </datafield>
  <datafield tag="999" ind1=" " ind2=" ">
    <subfield code="c">103788</subfield>
    <subfield code="d">103788</subfield>
  </datafield>
  <datafield tag="952" ind1=" " ind2=" ">
    <subfield code="0">0</subfield>
    <subfield code="1">0</subfield>
    <subfield code="4">0</subfield>
    <subfield code="7">0</subfield>
    <subfield code="a">ATENEOM</subfield>
    <subfield code="b">ATENEOM</subfield>
    <subfield code="c">SPB</subfield>
    <subfield code="d">2008-01-17</subfield>
    <subfield code="e">SC</subfield>
    <subfield code="l">0</subfield>
    <subfield code="o">B-10973-83</subfield>
    <subfield code="p">1108360</subfield>
    <subfield code="r">2023-02-23 00:00:00</subfield>
    <subfield code="w">2023-02-23</subfield>
    <subfield code="y">MONOGRAFIA</subfield>
  </datafield>
</record>
